Legendary Pokémon that have been Caught - Statistics

General Stats
  • This quiz has been taken 26 times
  • The average score is 13 of 21
Answer Stats
Trainer Answer % Correct
Tobias Darkrai
83%
Brandon Regirock
78%
Quillon Regirock
78%
Brandon Registeel
78%
Quillon Registeel
78%
Goh Suicune
78%
Brandon Regice
74%
Quillon Regice
74%
Ash Meltan / Melmetal
70%
Ash Poipole / Naganadel
70%
Goh Regieleki
70%
Gary Regidrago
65%
Tobias Latios
61%
Nurse Joy Latias
57%
Gladion Type: Null / Silvally
57%
A Random Dude Heatran
48%
Danika Urshifu
30%
Quillon Urshifu
30%
Horace Virizion
30%
Goh Eternatus
26%
Gladion Nihilego
22%
No matching quizzes found
Score Distribution
Percent of People with Each Score
Percentile by Number Answered
Your Score History
You have not taken this quiz